Most Streamed Michael Jackson Song by Album - Statistics

General Stats
  • This quiz has been taken 35 times
  • The average score is 6 of 12
Answer Stats
Year Album Song % Correct
1982 Thriller Billie Jean
93%
1987 Bad Smooth Criminal
83%
1972 Ben Ben
80%
1979 Off the Wall Rock With You
70%
1972 Got to Be There Got to Be There
57%
2001 Invincible You Rock My World
57%
1995 HIStory: Past, Present and Future, Book I They Don't Care About Us
53%
2014 Xscape Love Never Felt So Good
50%
1991 Dangerous Remember the Time
50%
2010 Michael Hold My Hand
20%
1975 Forever, Michael One Day in Your Life
13%
1973 Music & Me With a Child's Heart
13%
No matching quizzes found
Score Distribution
Percent of People with Each Score
Percentile by Number Answered
Your Score History
You have not taken this quiz